000
00289nam a2200121 a 4500
008
130429s1986|||| d
100
1
_a
Maksimovová, M.K.
245
1
0
_a
Škola pletenia, háčkovania
260
_b
Alfa
_a
Bratislava
_c
1986
020
_c
0
041
_a
slo
044
_a
xo
_c
SK
999
_c
20248
_d
20248